000 00766nam a22001577a 4500
003 OSt
005 20150921133539.0
008 150921b xxu||||| |||| 00| 0 eng d
040 _cRUA
082 _aAGR PHU 2006 B034 Or.1
100 _91008
_aPHUM, DARA.
245 _aEffect of organic fertilizers on growth and yield of eggplant at crop station in royal university of agriculture ឥទ្ធិពលជីសរីរាង្កទៅលើការលូតលាស់ និងទិន្នន័យដំណាំត្របវែង នៅស្ថានីយ៏ដំណាំ នៃសាកលវិទ្យាល័យភូមិន្ទកសិកម្ម
260 _aPhnom Penh
_bRUA
_c2006
300 _a50p.
_bill.
_c29cm.
942 _2ddc
_cAGR
999 _c966
_d966